Comportamiento estructural de paredes livianas con marco de madera y forro de madera contrachapada ante carga horizontal, con anclajes en la base

Gorde:
Xehetasun bibliografikoak
Egile nagusia: Robles Field, Alejandro
Formatua: Liburua
Hizkuntza:Spanish
Argitaratua: [San José], Costa Rica 2013
Gaiak:
Etiketak: Etiketa erantsi
Etiketarik gabe, Izan zaitez lehena erregistro honi etiketa jartzen!

MARC

LEADER 00000nam a22000007a 4500
003 011676
005 20221231143917.0
008 151007b xxu||||| |||| 00| 0 spa d
040 |c cru CEDI 
090 |a TFG 6846 
100 |a Robles Field, Alejandro   |9 1369 
245 |a Comportamiento estructural de paredes livianas con marco de madera y forro de madera contrachapada ante carga horizontal, con anclajes en la base  
260 |a [San José], Costa Rica  |c  2013 
500 |a Proyecto de graduación (licenciatura en ingeniería civil)--Universidad de Costa Rica. Facultad de Ingeniería. Escuela de Ingeniería Civil 
610 |x ANALISIS ESTRUCTURAL (INGENIERIA)   |x MUROS   |x MARCOS ESTRUCTURALES  |x MADERA ESTRUCTURAL   |x MADERA CONTRACHAPADA  |x RESISTENCIA DE MATERIALES  |x MUROS - PRUEBAS  |x ESFUERZO CORTANTE   |x ENSAYO DINAMICO DE MATERIALES  |9 1370 
942 |c TFG 
999 |c 14098  |d 14098